[Event "NOR-chB"]
[Site "Moss"]
[Date "2006.07.10"]
[Round "4"]
[White "Rangoy, Tormod"]
[Black "Lovasdal, Sigmund"]
[Result "1/2-1/2"]
[WhiteElo "1644"]
[BlackElo "1606"]
[PlyCount "77"]
[EventDate "2006.07.08"]
[EventType "swiss"]
[EventRounds "9"]
[EventCountry "NOR"]
[SourceTitle "EXT 2007"]
[Source "ChessBase"]
[SourceDate "2006.11.23"]
[SourceVersion "1"]
[SourceVersionDate "2006.11.23"]
[SourceQuality "1"]

1. e4 c6 2. d4 d5 3. exd5 cxd5 4. c4 e6 5. c5 Nc6 6. Nf3 Nf6 7. Bb5 Bd7 8. 0-0 Be7 9. Nc3 Qc7 10. Bxc6 Bxc6 11. Ne5 0-0 12. Bf4 Qc8 13. Rc1 Nd7 14. b4 Nxe5 15. Bxe5 f6 16. Bd6 Qe8 17. b5 Bxd6 18. bxc6 Bf4 19. cxb7 Rb8 20. Rb1 Rf7 21. Qe2 Rfxb7 22. Rxb7 Rxb7 23. g3 Bb8 24. Re1 Rb4 25. Qe3 e5 26. Nxd5 Rb2 27. Qc3 Qb5 28. Ne7+ Kf7 29. Nf5 Rb1 30. Nd6+ Bxd6 31. cxd6 Rxe1+ 32. Qxe1 Qd5 33. dxe5 fxe5 34. Qb4 Ke6 35. Qg4+ Kxd6 36. Qxg7 Qxa2 37. Qf8+ Kd7 38. Qf5+ Kd6 39. Qf8+ 1/2-1/2

[Event "NOR-chT2"]
[Site "Moss"]
[Date "2005.05.05"]
[Round "2"]
[White "Pedersen, Audun"]
[Black "Rangoy, Tormod"]
[Result "0-1"]
[WhiteElo "1709"]
[BlackElo "1644"]
[PlyCount "72"]
[EventDate "2005.05.04"]
[EventType "team"]
[EventRounds "5"]
[EventCountry "NOR"]
[SourceTitle "EXT 2007"]
[Source "ChessBase"]
[SourceDate "2006.11.23"]
[SourceVersion "1"]
[SourceVersionDate "2006.11.23"]
[SourceQuality "1"]

1. d4 d5 2. c4 dxc4 3. Nf3 Nf6 4. e3 Bg4 5. Bxc4 e6 6. Qb3 Bxf3 7. gxf3 Nbd7 8. Nc3 Nb6 9. Be2 Nfd5 10. e4 Nxc3 11. bxc3 c6 12. Be3 Qc7 13. a4 Nd7 14. f4 Nf6 15. Bf3 Be7 16. 0-0 0-0 17. c4 Rab8 18. Rac1 c5 19. e5 Nd7 20. d5 exd5 21. cxd5 Qb6 22. Qb5 Qg6+ 23. Kh1 Qf5 24. Rg1 Nxe5 25. Qe2 Nxf3 26. Qxf3 b6 27. Rcd1 Rfd8 28. Bc1 Rd6 29. Bb2 Bf6 30. Bxf6 Rxf6 31. Rg4 Rd8 32. d6 g6 33. Rg5 Qxf4 34. Qxf4 Rxf4 35. Re5 Kf8 36. Re7 Rxa4 0-1

[Event "Sarpsborg CC-ch"]
[Site "Sarpsborg"]
[Date "2003.03.28"]
[Round "11"]
[White "Lunde, Sigmund"]
[Black "Rangoy, Tormod"]
[Result "0-1"]
[WhiteElo "1693"]
[BlackElo "1686"]
[PlyCount "80"]
[EventDate "2003.??.??"]
[EventType "swiss"]
[EventRounds "15"]
[EventCountry "NOR"]
[SourceTitle "EXT 2005"]
[Source "ChessBase"]
[SourceDate "2004.11.15"]
[SourceVersion "1"]
[SourceVersionDate "2004.11.15"]
[SourceQuality "1"]

1. e4 d6 2. f4 Nf6 3. Nc3 e5 4. d3 Be7 5. Nf3 Nc6 6. Be2 Bg4 7. 0-0 0-0 8. h3 Bxf3 9. Bxf3 Nd4 10. Be3 c5 11. f5 a6 12. a4 Qd7 13. g4 h6 14. Qd2 b5 15. g5 hxg5 16. Bxg5 b4 17. Ne2 Nxf3+ 18. Rxf3 d5 19. Bxf6 Bxf6 20. Ng3 Rad8 21. Kh2 Qe7 22. Rg1 Bg5 23. f6 Qxf6 24. Rxf6 Bxd2 25. Rxa6 Bf4 26. exd5 Rxd5 27. Kg2 f5 28. Nh5 Be3 29. Re1 f4 30. Kf3 e4+ 31. dxe4 Rxh5 32. Kg4 Re5 33. Kf3 Rfe8 34. Rd1 Bd4 35. b3 Rxe4 36. a5 Kf7 37. Rc6 g5 38. a6 Re3+ 39. Kg4 Rg3+ 40. Kf5 Re5# 0-1

[Event "Sarpsborg CC-ch"]
[Site "Sarpsborg"]
[Date "2003.02.14"]
[Round "6"]
[White "Rangoy, Tormod"]
[Black "Eriksen, Oddvar"]
[Result "0-1"]
[WhiteElo "1686"]
[BlackElo "1617"]
[PlyCount "98"]
[EventDate "2003.??.??"]
[EventType "swiss"]
[EventRounds "15"]
[EventCountry "NOR"]
[SourceTitle "EXT 2005"]
[Source "ChessBase"]
[SourceDate "2004.11.15"]
[SourceVersion "1"]
[SourceVersionDate "2004.11.15"]
[SourceQuality "1"]

1. e4 c5 2. Nf3 Nc6 3. Bb5 e6 4. 0-0 Nge7 5. c3 a6 6. Ba4 b5 7. Bc2 Ng6 8. d4 Bb7 9. d5 exd5 10. exd5 Nce5 11. Re1 d6 12. Bxg6 hxg6 13. Nxe5 dxe5 14. Rxe5+ Kd7 15. Qg4+ Kc7 16. Bf4 Bd6 17. Rg5 Bc8 18. Qg3 Qf6 19. Bxd6+ Qxd6 20. Nd2 Bf5 21. c4 Rae8 22. b3 Re2 23. Nf3 Rhe8 24. cxb5 axb5 25. Rc1 b4 26. h4 Qxg3 27. Rxg3 Kd6 28. h5 Rxa2 29. hxg6 f6 30. Nh4 Re5 31. Rd1 Rae2 32. Kf1 R2e4 33. Nxf5+ Rxf5 34. Rgd3 Rh5 35. g3 Rh1+ 36. Kg2 Rxd1 37. Rxd1 Rg4 38. f4 Rxg6 39. Kf3 Rh6 40. Kg4 g6 41. Rd3 Rh5 42. Re3 Kxd5 43. Re8 c4 44. Rd8+ Ke4 45. Re8+ Kd3 46. bxc4 Kxc4 47. Re6 b3 48. Re4+ Kd3 49. Kf3 b2 0-1

[Event "Sarpsborg CC-ch"]
[Site "Sarpsborg"]
[Date "2003.01.24"]
[Round "3"]
[White "Rangoy, Tormod"]
[Black "Stabbetorp, Hans M"]
[Result "1/2-1/2"]
[WhiteElo "1686"]
[BlackElo "1404"]
[PlyCount "86"]
[EventDate "2003.??.??"]
[EventType "swiss"]
[EventRounds "15"]
[EventCountry "NOR"]
[SourceTitle "EXT 2005"]
[Source "ChessBase"]
[SourceDate "2004.11.15"]
[SourceVersion "1"]
[SourceVersionDate "2004.11.15"]
[SourceQuality "1"]

1. e4 c6 2. d4 d5 3. exd5 cxd5 4. c4 dxc4 5. Bxc4 Nf6 6. Nf3 Nc6 7. 0-0 Bg4 8. Qb3 e6 9. Ne5 Qb6 10. Bb5 Rc8 11. Be3 Qd8 12. Qa4 Bf5 13. Nc3 Nd5 14. Nxc6 bxc6 15. Bxc6+ Ke7 16. Nxd5+ exd5 17. Bf4 Kf6 18. Rfe1 Be6 19. Re5 h6 20. Re3 g5 21. Be5+ Kg6 22. Bxh8 Qc7 23. Rxe6+ fxe6 24. Be8+ Kh7 25. Bd7 Qc1+ 26. Qd1 Qxd1+ 27. Rxd1 Rd8 28. Bxe6 Kxh8 29. Rd3 Rd6 30. Bg4 Bg7 31. g3 Rb6 32. Bf3 Rxb2 33. Bxd5 Rb4 34. Bb3 Rxd4 35. Rxd4 Bxd4 36. Kg2 Kg7 37. Kf3 Kf6 38. Ke2 Ke5 39. f3 Kf5 40. Bc2+ Ke5 41. h4 gxh4 42. f4+ Kf6 43. g4 Bb6 1/2-1/2

[Event "John Dahlgren Memorial"]
[Site "Sarpsborg"]
[Date "2002.12.06"]
[Round "12"]
[White "Lunde, Sigmund"]
[Black "Rangoy, Tormod"]
[Result "0-1"]
[WhiteElo "1666"]
[BlackElo "1686"]
[PlyCount "138"]
[EventDate "2002.08.??"]
[EventType "swiss"]
[EventRounds "12"]
[EventCountry "NOR"]
[SourceTitle "EXT 2005"]
[Source "ChessBase"]
[SourceDate "2004.11.15"]
[SourceVersion "1"]
[SourceVersionDate "2004.11.15"]
[SourceQuality "1"]

1. d4 d5 2. Nf3 Nf6 3. c4 dxc4 4. Nc3 a6 5. a4 Nc6 6. e4 Bg4 7. e5 Nd5 8. Bxc4 e6 9. Nxd5 exd5 10. Be2 Be7 11. 0-0 0-0 12. Be3 Rc8 13. Ne1 Bxe2 14. Qxe2 Qd7 15. f4 f5 16. Kh1 Nd8 17. Nd3 Ne6 18. b4 b6 19. Rfc1 c5 20. bxc5 bxc5 21. Nxc5 Bxc5 22. dxc5 d4 23. Qd2 Rfd8 24. Bf2 Nxc5 25. Qa2+ Kh8 26. Bh4 Re8 27. Qa3 Ne6 28. Qd6 Rxc1+ 29. Rxc1 Qxa4 30. Be7 Nxf4 31. e6 Ng6 32. Qd7 Qb5 33. Bd6 d3 34. Bb4 h6 35. h3 Ne5 36. Qd6 Nc4 37. Qxd3 Qxb4 38. Rxc4 Qe1+ 39. Kh2 Qxe6 40. Rf4 Qe5 41. Qxf5 Qb8 42. h4 a5 43. g3 Qb2+ 44. Rf2 Qb4 45. Rc2 a4 46. h5 Qe4 47. Qxe4 Rxe4 48. Rc8+ Kh7 49. Kh3 Re1 50. Ra8 Ra1 51. Kg4 a3 52. Ra6 Kg8 53. Ra8+ Kf7 54. Ra7+ Kf6 55. Ra6+ Ke5 56. Ra5+ Kd4 57. Kf5 a2 58. Kg6 Rg1 59. Kxg7 a1Q 60. Rxa1 Rxa1 61. Kxh6 Rg1 62. Kh7 Ke5 63. Kg6 Rxg3+ 64. Kf7 Rf3+ 65. Kg7 Kf5 66. h6 Rg3+ 67. Kf7 Ra3 68. h7 Ra7+ 69. Kf8 Rxh7 0-1

[Event "John Dahlgren Memorial"]
[Site "Sarpsborg"]
[Date "2002.09.06"]
[Round "3"]
[White "Fjellengen, Bard"]
[Black "Rangoy, Tormod"]
[Result "0-1"]
[WhiteElo "1666"]
[BlackElo "1686"]
[PlyCount "94"]
[EventDate "2002.08.??"]
[EventType "swiss"]
[EventRounds "12"]
[EventCountry "NOR"]
[SourceTitle "EXT 2005"]
[Source "ChessBase"]
[SourceDate "2004.11.15"]
[SourceVersion "1"]
[SourceVersionDate "2004.11.15"]
[SourceQuality "1"]

1. d4 d5 2. Nf3 Nf6 3. Nc3 Bf5 4. Bf4 e6 5. a3 Nbd7 6. e3 Be7 7. Be2 0-0 8. Nh4 Be4 9. Nf3 Rc8 10. Nxe4 Nxe4 11. Bd3 Ndf6 12. Ne5 c5 13. dxc5 Nxc5 14. 0-0 d4 15. exd4 Nxd3 16. Qxd3 Nd5 17. Bg3 h5 18. f4 Nf6 19. f5 exf5 20. Rxf5 Qb6 21. Nc4 Qc6 22. Ne3 g6 23. Rf3 Rfd8 24. c3 Nd7 25. Qf1 Bg5 26. Qf2 Re8 27. Nc2 Nf6 28. Qf1 Qe4 29. Be5 Ng4 30. Rxf7 Nxe5 31. dxe5 Qxc2 32. Qf3 Qxb2 33. Rf1 Qb6+ 34. Kh1 Bh6 35. Rf6 Re6 36. Qd5 Rce8 37. Rxg6+ Kh7 38. Rg3 R8e7 39. Qe4+ Kh8 40. Rf5 Qd8 41. Rd3 Qe8 42. Rd5 Bg7 43. Qh4 Rxe5 44. Rxh5+ Rxh5 45. Rxh5+ Kg8 46. Qc4+ Rf7 47. h3 Qe1+ 0-1

[Event "John Dahlgren Memorial"]
[Site "Sarpsborg"]
[Date "2002.08.30"]
[Round "2"]
[White "Rangoy, Tormod"]
[Black "Gupta, Sudhir Kumar"]
[Result "1/2-1/2"]
[WhiteElo "1686"]
[BlackElo "1177"]
[PlyCount "218"]
[EventDate "2002.08.??"]
[EventType "swiss"]
[EventRounds "12"]
[EventCountry "NOR"]
[SourceTitle "EXT 2005"]
[Source "ChessBase"]
[SourceDate "2004.11.15"]
[SourceVersion "1"]
[SourceVersionDate "2004.11.15"]
[SourceQuality "1"]

1. e4 e5 2. Nf3 Nc6 3. d4 exd4 4. Bc4 Nf6 5. e5 d5 6. Bb5 Nd7 7. 0-0 a6 8. Bxc6 bxc6 9. Nxd4 Bb7 10. e6 Nc5 11. exf7+ Kxf7 12. Qh5+ g6 13. Qf3+ Qf6 14. Be3 Qxf3 15. Nxf3 Bd6 16. Ng5+ Ke7 17. Re1 Kd7 18. Bd4 Rhe8 19. Nd2 h5 20. Ndf3 Ne6 21. Bf6 Nxg5 22. Bxg5 Rxe1+ 23. Rxe1 Re8 24. Kf1 a5 25. Re3 Rxe3 26. Bxe3 Ke6 27. Ke2 c5 28. c3 Kf5 29. Nh4+ Kf6 30. f4 Ba6+ 31. Kf2 a4 32. a3 Bd3 33. h3 Be7 34. Nf3 Kf5 35. g4+ hxg4 36. hxg4+ Ke6 37. Ne5 Be4 38. Nc6 Bh4+ 39. Ke2 c4 40. Bd4 Bd3+ 41. Ke3 Bf6 42. Nb4 Bxd4+ 43. Kxd4 Be4 44. Na6 Kd6 45. Nc5 Bc2 46. f5 gxf5 47. gxf5 Bxf5 48. Nxa4 Bd7 49. Nc5 Bc6 50. a4 Ba8 51. a5 Kc6 52. Ne6 Kd6 53. Nc5 Kc6 54. Na6 Kd6 55. Nc5 Kc6 56. a6 Kb6 57. Ne6 Bc6 58. a7 Ba8 59. Nf4 c6 60. Ne6 Bb7 61. Nd8 c5+ 62. Ke5 Ba8 63. Ne6 Kxa7 64. Nxc5 Kb6 65. Kd6 Ka5 66. Ne6 Bb7 67. Kc5 Ka4 68. Nd4 Ka5 69. Nc6+ Ka4 70. Nd4 Ka5 71. Kd6 Ka4 72. Kc7 Ba8 73. Kb8 Bc6 74. Nxc6 Kb3 75. Ne7 d4 76. cxd4 Kxb2 77. Nd5 Kc2 78. Nf4 Kd2 79. d5 c3 80. d6 c2 81. d7 c1Q 82. d8Q+ Kc2 83. Qc8+ Kb1 84. Qf5+ Qc2 85. Nd3 Qb3+ 86. Kc7 Qc3+ 87. Kb6 Qb3+ 88. Kc5 Qc3+ 89. Kb5 Qb3+ 90. Nb4+ Kb2 91. Qe5+ Kb1 92. Qe1+ Kb2 93. Qe2+ Kb1 94. Qd2 Qb2 95. Qd1+ Qc1 96. Qd3+ Kb2 97. Qe2+ Kb3 98. Qa2+ Kc3 99. Qc4+ Kd2 100. Qf4+ Kd1 101. Qf1+ Kd2 102. Qd3+ Ke1 103. Nc2+ Kf2 104. Qf5+ Kg3 105. Qd3+ Kh4 106. Qe4+ Kh5 107. Ne3 Qb2+ 108. Kc5 Qa3+ 109. Kd5 Qa8+ 1/2-1/2

[Event "Sarpsborg CC-ch"]
[Site "Sarpsborg"]
[Date "2002.02.08"]
[Round "5"]
[White "Rangoy, Tormod"]
[Black "Tangen, Rolf W"]
[Result "1/2-1/2"]
[WhiteElo "1657"]
[BlackElo "1431"]
[PlyCount "112"]
[EventDate "2002.01.??"]
[EventType "swiss"]
[EventRounds "15"]
[EventCountry "NOR"]
[SourceTitle "EXT 2005"]
[Source "ChessBase"]
[SourceDate "2004.11.15"]
[SourceVersion "1"]
[SourceVersionDate "2004.11.15"]
[SourceQuality "1"]

1. e4 c6 2. d4 d5 3. exd5 cxd5 4. c4 Nf6 5. Nc3 e6 6. Nf3 dxc4 7. Bxc4 Be7 8. 0-0 0-0 9. Bf4 a6 10. Rc1 b5 11. Bb3 Bb7 12. Qe2 Nbd7 13. Rfe1 Nb6 14. Ng5 Nfd5 15. Nxd5 Nxd5 16. Bxd5 Bxd5 17. Ne4 Bxa2 18. Be5 f6 19. Bc7 Qd7 20. Ba5 Rac8 21. Qe3 Rxc1 22. Rxc1 Rc8 23. Nc5 Qa7 24. Ra1 Bd5 25. Nxe6 Bd6 26. Nf4 Bf7 27. Qd2 Qb8 28. g3 Bxf4 29. gxf4 Qb7 30. Bb4 Bd5 31. Re1 Bh1 32. f3 Bxf3 33. Re7 Qc6 34. Qe3 Qc1+ 35. Kf2 Bh5 36. Bd2 Qxb2 37. Qe6+ Kf8 38. Qxc8+ Kxe7 39. Qc5+ Kd7 40. Ke3 Qb3+ 41. Bc3 Qe6+ 42. Kd2 Qe2+ 43. Kc1 Bg6 44. Qd5+ Kc8 45. Qc6+ Kb8 46. Qb6+ Ka8 47. Qxa6+ Kb8 48. Qb6+ Ka8 49. Qd8+ Kb7 50. Qd5+ Kb8 51. Qg8+ Kb7 52. Qxg7+ Kb8 53. Qf8+ Kb7 54. Qg7+ Kb8 55. Qg8+ Kb7 56. Qd5+ Kb8 1/2-1/2

[Event "Sarpsborg op"]
[Site "Sarpsborg"]
[Date "2001.12.07"]
[Round "12"]
[White "Stabbetorp, Hans M"]
[Black "Rangoy, Tormod"]
[Result "0-1"]
[WhiteElo "1418"]
[BlackElo "1605"]
[PlyCount "68"]
[EventDate "2001.08.??"]
[EventType "swiss"]
[EventRounds "12"]
[EventCountry "NOR"]
[SourceTitle "EXT 2005"]
[Source "ChessBase"]
[SourceDate "2004.11.15"]
[SourceVersion "1"]
[SourceVersionDate "2004.11.15"]
[SourceQuality "1"]

1. d4 d5 2. Nf3 Nf6 3. Bf4 Nc6 4. Nbd2 Bf5 5. a3 e6 6. e3 Be7 7. c4 0-0 8. Rc1 Re8 9. cxd5 exd5 10. Bb5 Bd6 11. Bxd6 Qxd6 12. Ne5 Nxe5 13. dxe5 Rxe5 14. Nf3 Re7 15. 0-0 c6 16. Be2 Ng4 17. h3 Ne5 18. Qd4 Rae8 19. Rfd1 Nxf3+ 20. Bxf3 Qg6 21. Kf1 a6 22. Qf4 Bd3+ 23. Kg1 Be4 24. Rd4 f5 25. Bxe4 fxe4 26. g4 Rf8 27. Qg3 Ref7 28. Rd2 Rf3 29. Qh2 Qg5 30. Kg2 h5 31. Rg1 hxg4 32. Kf1 g3 33. Qg2 Qxe3 34. Re2 Rxf2+ 0-1

[Event "Sarpsborg op"]
[Site "Sarpsborg"]
[Date "2001.08.31"]
[Round "2"]
[White "Rangoy, Tormod"]
[Black "Fjellengen, Bard"]
[Result "1-0"]
[WhiteElo "1605"]
[BlackElo "1774"]
[PlyCount "111"]
[EventDate "2001.08.??"]
[EventType "swiss"]
[EventRounds "12"]
[EventCountry "NOR"]
[SourceTitle "EXT 2005"]
[Source "ChessBase"]
[SourceDate "2004.11.15"]
[SourceVersion "1"]
[SourceVersionDate "2004.11.15"]
[SourceQuality "1"]

1. e4 Nc6 2. Nf3 e5 3. d4 Nf6 4. Bg5 Be7 5. d5 Nxe4 6. Bxe7 Nxe7 7. Nxe5 0-0 8. Bd3 Nf6 9. c4 d6 10. Nf3 Ng6 11. 0-0 Nf4 12. Re1 Bg4 13. Bf1 Qd7 14. Nbd2 Rfe8 15. Qb3 c6 16. dxc6 bxc6 17. Ng5 Qf5 18. Ngf3 Qa5 19. h3 Bd7 20. Qc2 Bf5 21. Qc1 Qb6 22. c5 dxc5 23. Nc4 Qc7 24. Nfe5 N6d5 25. g3 Ng6 26. Nxg6 Bxg6 27. Ne3 Qa5 28. a3 Qb6 29. Nc4 Qc7 30. Qg5 f6 31. Qg4 f5 32. Qg5 Nf6 33. Bg2 Bf7 34. Ne3 Ne4 35. Qxf5 Bg6 36. Qg4 Nd6 37. Nc4 Nb5 38. Qg5 Nd4 39. Rad1 Bc2 40. Qxc5 Bxd1 41. Rxd1 Ne6 42. Qxc6 Rac8 43. Qxc7 Rxc7 44. Bd5 Kf8 45. Rd3 Ng5 46. h4 Ne4 47. Rf3+ Nf6 48. g4 Ke7 49. Ne3 Rc1+ 50. Kg2 Kd6 51. Bb3 Kc7 52. g5 Ne4 53. Rf7+ Kb8 54. Rxg7 Rc7 55. Rxc7 Kxc7 56. Bc2 1-0

[Event "Sarpsborg CC-ch"]
[Site "Sarpsborg"]
[Date "2001.03.23"]
[Round "10"]
[White "Rangoy, Tormod"]
[Black "Aamodt, Freddy"]
[Result "0-1"]
[WhiteElo "1601"]
[BlackElo "1732"]
[PlyCount "76"]
[EventDate "2001.??.??"]
[EventType "swiss"]
[EventRounds "11"]
[EventCountry "NOR"]
[SourceTitle "EXT 2005"]
[Source "ChessBase"]
[SourceDate "2004.11.15"]
[SourceVersion "1"]
[SourceVersionDate "2004.11.15"]
[SourceQuality "1"]

1. e4 c5 2. Nf3 Nc6 3. Bb5 d6 4. 0-0 Bd7 5. c3 Nf6 6. Re1 e6 7. d4 Be7 8. Bg5 0-0 9. Nbd2 Nxd4 10. Nxd4 cxd4 11. Bxd7 dxc3 12. Bxe6 cxd2 13. Bxf7+ Rxf7 14. Qxd2 Ng4 15. Bxe7 Qxe7 16. f3 Ne5 17. Qd5 Rc8 18. Rac1 Rxc1 19. Rxc1 Nc6 20. b4 Qe5 21. Qb3 Qd4+ 22. Kf1 Qxb4 23. Rxc6 Qxb3 24. Rc8+ Rf8 25. Rxf8+ Kxf8 26. axb3 d5 27. Ke2 dxe4 28. fxe4 Ke7 29. Kd3 Kd6 30. Kd4 b6 31. b4 a5 32. b5 a4 33. Kc4 Ke5 34. Kb4 Kxe4 35. Kxa4 Kd4 36. Kb4 g5 37. g4 h6 38. h3 Kd5 0-1

[Event "Sarpsborg CC-ch"]
[Site "Sarpsborg"]
[Date "2001.01.12"]
[Round "1"]
[White "Birkic, Vid"]
[Black "Rangoy, Tormod"]
[Result "0-1"]
[WhiteElo "1540"]
[BlackElo "1601"]
[PlyCount "80"]
[EventDate "2001.??.??"]
[EventType "swiss"]
[EventRounds "11"]
[EventCountry "NOR"]
[SourceTitle "EXT 2005"]
[Source "ChessBase"]
[SourceDate "2004.11.15"]
[SourceVersion "1"]
[SourceVersionDate "2004.11.15"]
[SourceQuality "1"]

1. d4 d5 2. c4 dxc4 3. Nc3 Nf6 4. e4 e5 5. d5 Bc5 6. h3 a6 7. Nf3 Nbd7 8. Bxc4 b5 9. Bd3 0-0 10. 0-0 Ba7 11. Bg5 h6 12. Bh4 Qe8 13. Rc1 Nh5 14. Bc2 g5 15. Nh2 f6 16. g4 Nf4 17. Bg3 Nxh3+ 18. Kg2 Nf4+ 19. Bxf4 exf4 20. f3 Ne5 21. b3 Be3 22. Rb1 Qd7 23. Qe2 Kg7 24. Nd1 Bb6 25. Nf2 a5 26. Nd3 Ng6 27. Rh1 b4 28. Nf2 Ne5 29. Nd3 Ng6 30. Nb2 h5 31. Nc4 Bd4 32. Rbd1 Be5 33. d6 Ba6 34. dxc7 Qxc7 35. Bd3 Bc3 36. Qf2 Nh4+ 37. Kf1 Rad8 38. Bc2 Rxd1+ 39. Bxd1 Rd8 40. Bc2 Rd2 0-1